| 000 | 00356cam a2200133ua 4500 | ||
|---|---|---|---|
| 999 |
_c4997 _d4997 |
||
| 003 | OSt | ||
| 008 | 191105b ||||| |||| 00| 0 eng d | ||
| 082 |
_a891.812308 _bGOV/MA |
||
| 100 |
_aGovinda Pillai, K . _94537 |
||
| 245 | _aMadhana Rajakumarante kadha / | ||
| 260 |
_aQuilon : _bSree Rama Vilasam Press & Book Depot. |
||
| 300 | _a121 ; . | ||
| 942 | _cBK | ||